Oxford Cardiology Library. (Registro nro. 3069)

Detalles MARC
000 -LEADER
fixed length control field 01007nam a2200301 a 4500
008 - CAMPO DE CONTROL (LIBRO)
fixed length control field 200218e2015 s/l||||| |||| 00| 0 spa d
020 ## - INTERNATIONAL STANDARD BOOK NUMBER
ISBN S/D
041 ## - CODIGO DE IDIOMA
Código de idioma del texto/pista de sonido o título separado spa
092 ## - SIGNATURA TOPOGRAFICA DEWEY LOCAL
número de clasificación 616.132
libristica 55
sección NAD
100 1# - ENTRADA PRINCIPAL--NOMBRE PERSONAL
Nombre personal Nadar, Sunil
Función Ed.
9 (RLIN) 4115
245 ## - TITULO PROPIAMENTE DICHO
Título Oxford Cardiology Library.
Subtítulo y Título paralelo Hipertensión /
Mención de responsabilidad y remanente de la transcripción de la portada Sunil Nadar
250 ## - MENCION DE EDICION
Mención de edición 2a ed.
260 ## - PIE DE IMPRENTA
Lugar de publicación, distribución, etc Reino Unido:
Nombre de la editorial, distribuidor, etc Oxford University Press;
Fecha de publicación 2015.
300 ## - DESCRIPCION FISICA
Extension 202 p.
500 ## - NOTA GENERAL
Nota general Nadar, S. y Lip, G. Y. H. (Eds.). (2015). Oxford Cardiology Library. Hipertensión. (2a ed.). S/L : Oxford University Press.
590 ## - NOTAS LOCALES (RLIN)
Nota local Donacion 2020
653 ## - TÉRMINO INDIZADO - PALABRAS CLAVES
Palabra clave Hipertension
653 ## - TÉRMINO INDIZADO - PALABRAS CLAVES
Palabra clave Epidemiologia, patogenesis y diagnostico
653 ## - TÉRMINO INDIZADO - PALABRAS CLAVES
Palabra clave Fisiopatologia
653 ## - TÉRMINO INDIZADO - PALABRAS CLAVES
Palabra clave Hipertension renovascular
653 ## - TÉRMINO INDIZADO - PALABRAS CLAVES
Palabra clave Hiperaldosteronismo primario
653 ## - TÉRMINO INDIZADO - PALABRAS CLAVES
Palabra clave Estilo de vida
653 ## - TÉRMINO INDIZADO - PALABRAS CLAVES
Palabra clave Diagnostico e investigacion
653 ## - TÉRMINO INDIZADO - PALABRAS CLAVES
Palabra clave Complicaciones de la hipertension
653 ## - TÉRMINO INDIZADO - PALABRAS CLAVES
Palabra clave Manejo y tratamiento
700 1# - ENTRADAS SECUNDARIAS - NOMBRE PERSONAL
Nombre personal Lip, Gregory Y. H.
Función Ed.
9 (RLIN) 4116
942 ## - ADDED ENTRY ELEMENTS (KOHA)
Source of classification or shelving scheme Dewey Decimal Classification
Item type Libros
Existencias
Estado de retiro Existencia Fuente de clasificación Estado general No para prestamo Ubicación permanente ubicación actual Sala de ubicación Fecha de adquisición Fuente de adquisición Total Checkouts Número de clasificación Código de barras Date last seen Número de ejemplar Price effective from Koha tipo de elemento (item) Public note
    Dewey Decimal Classification     Biblioteca Medicina Biblioteca Medicina Circulación 18/02/2020 Donacion   616.132 55 NAD 4621 18/02/2020 Ej. 1 18/02/2020 Libros Donacion

UNIVERSIDAD NACIONAL DEL COMAHUE
Biblioteca de la Facultad de Ciencias Médicas
Sede Toschi: Los Arrayanes y Av. Toschi, Cipolletti  - Rio Negro
Sede Los Tordos:  Yrigoyen al 2211, Cipolletti - Rio Negro 

Teléfono: 0299 - 4774707 int 25
Contacto: biblioteca@facimed.uncoma.edu.ar
© 2011 - 2026